Julie Andrews Movies Quiz Stats

 Plays Quiz Updated Jan 1, 2018

Score 0/29 Timer 08:00
0 Plays Today
Year Movie % Correct
1965The Sound of Music
93.5%
2001The Princess Diaries
86.6%
1964Mary Poppins
86.3%
2004The Princess Diaries 2: Royal Engagement
75.7%
2017Despicable Me 3
56.4%
2004Shrek 2
51.1%
2007Shrek the Third
50.3%
1982Victor Victoria
47.1%
2010Despicable Me
28.8%
1967Thoroughly Modern Millie
27.8%
2007Enchanted
19.7%
2010Shrek Forever After
17.6%
197910
14.8%
1981S.O.B.
14.1%
1968Star!
11.9%
Year Movie % Correct
1964The Americanization of Emily
11.1%
1966Torn Curtain
10.5%
1970Darling Lili
10%
1966Hawaii
8.8%
2010Tooth Fairy
8.4%
1986That's Life!
6.4%
1974The Tamarind Seed
6.4%
2002Unconditional Love
6.3%
1986Duet for One
5.9%
1983The Man Who Loved Women
5.5%
1980Little Miss Marker
5.3%
1949The Singing Princess
5.3%
2000Relative Values
5.2%
1991A Fine Romance
4.8%

You're not logged in!

Compare scores with friends on all Sporcle quizzes.
OR
Log In

Sporcle TV

Today on Sporcle TV


Watch our educational content, quiz creation guides, and fun videos on Sporcle TV.

Show Comments

Extras

Top Quizzes Today


Score Distribution

Your Account Isn't Verified!

In order to create a playlist on Sporcle, you need to verify the email address you used during registration. Go to your Sporcle Settings to finish the process.

Report this User

Report this user for behavior that violates our Community Guidelines.

Details: